000 nam a22 a 4500
999 _c709
_d709
003 AKMAL
005 20170504162225.0
008 170504s2002 my e 000 0 may d
020 _a9839422480
_qpaperback
_cRM29.00
040 _aAKMAL
082 0 4 _a170 HAM
_221
090 0 0 _a170
_bHAM
100 0 _aHamka,
_d1908-1981,
_eauthor.
_91512
245 1 0 _aFalsafah Hidup /
_cProf. Dr. Hamka
264 1 _aShah Alam, Selangor :
_bPUSTAKA DINI SDN. BHD.,
_c2002
300 _axi, 489 pages ;
_c20 cm
500 _aContains verses from the Quran
650 0 _aPhilosophy, Islamic
_9874
650 0 _aIslam and philosophy
_9875
942 _2ddc
_cBOOK